| 000 | 01096cam a2200205 4500 | ||
|---|---|---|---|
| 001 | J122783 | ||
| 008 | 030627n2003 000 0 eng u | ||
| 035 | _a(Sirsi) u122783 | ||
| 041 | _aeng | ||
| 050 | _a711.4 | ||
| 110 |
_aUnited Kingdom _bParliament _bHouse of Commons _bSelect Committee on the Office of the Deputy Prime Minister |
||
| 245 | _aEffectiveness of government regeneration initiatives | ||
| 260 |
_aLondon _bHMSO _c2003 |
||
| 520 | _aSeventh report of the ODPM Select Committee which expresses concerns at the proliferation of single-issue initiatives, the short-term attitude dominating current policy and the arbitrary boundaries used to define such initiatives. Suggests that local regeneration plans should form the basis of future approaches and funding. View at www.publications.parliament.uk. | ||
| 650 | _aLOCAL REGENERATION PLANS | ||
| 650 | _aURBAN REGENERATION | ||
| 690 | _aREGENERATION | ||
| 856 |
_uhttps://www.publications.parliament.uk/pa/cm200203/cmselect/cmodpm/76/7603.htm _vView the Select Committee report on the UK Parliament website... |
||
| 942 | _n0 | ||
| 999 |
_c102929 _d102929 |
||